Paulini à S. Iosepho Lucensis Orationum // Paulini à S. Iosepho Lucensis Orationum. - T. 1 (Запись № 10386504)
[ простой вид ]
| 000 -МАРКЕР | |
|---|---|
| контрольное поле | 01480nam1a22003491 4500 |
| 001 - ИДЕНТИФИКАТОР ЗАПИСИ | |
| контрольное поле | RU\NLR\KADK\51461 |
| 005 - ИДЕНТИФИКАТОР ВЕРСИИ | |
| контрольное поле | 20260407102412.0 |
| 035 ## - ДРУГИЕ СИСТЕМНЫЕ НОМЕРА | |
| Идентификатор записи | (NLR Aleph) 009861188 |
| 100 ## - ДАННЫЕ ОБЩЕЙ ОБРАБОТКИ | |
| Данные общей обработки | 19990421d1783 u y0rusy50 ca |
| 101 0# - ЯЗЫК РЕСУРСА | |
| Язык текста, звукозаписи и т.д. | латинский |
| 102 ## - СТРАНА ПУБЛИКАЦИИ ИЛИ ПРОИЗВОДСТВА | |
| Страна публикации | российская федерация |
| 200 1# - ЗАГЛАВИЕ И СВЕДЕНИЯ ОБ ОТВЕТСТВЕННОСТИ | |
| Основное заглавие | Paulini à S. Iosepho Lucensis Orationum |
| 210 ## - ПУБЛИКАЦИЯ, РАСПРОСТРАНЕНИЕ И ДР. | |
| Место издания, распространения и т.д. | [Mosquae (Moskva)] |
| Имя издателя, распространителя и т. д. | In Typographeo Univesitatis |
| -- | Typis Nicolai a Nowicow |
| Дата издания, распространения и т.д. | 1783 |
| 215 ## - ФИЗИЧЕСКАЯ ХАРАКТЕРИСТИКА | |
| Размеры | 8°(17 см) |
| 300 ## - ОБЩИЕ ПРИМЕЧАНИЯ | |
| Текст примечания | Место изд. установл. по: СК XVIII (ин.).- Т. 1 |
| 316 ## - ПРИМЕЧАНИЯ ОБ ОСОБЕННОСТЯХ ЭКЗЕМПЛЯРА | |
| Текст примечания | T. 1-2 в одном пер. |
| Организация и экземпляр, к которому относится поле | Рэ ШК / C-516 O1 |
| 317 ## - ПРИМЕЧАНИЯ О ПРОИСХОЖДЕНИИ ЭКЗЕМПЛЯРА | |
| Текст примечания | Оба тома с наклейкой Б-ки 1-го Кадет. корп. и штампом Лен. Воен. б-ки |
| Организация и экземпляр, к которому относится поле | Рэ ШК / C-516 O1 |
| 463 #0 - УРОВЕНЬ ФИЗИЧЕСКОЙ ЕДИНИЦЫ | |
| Встроенное поле | 001RU\NLR\KADK\51462 |
| Системный номер (АБИС) связанной записи | 13488072 |
| Физическая характеристика | [2], 179 с. |
| Заглавие | Paulini à S. Iosepho Lucensis Orationum. - T. 1 |
| 463 #0 - УРОВЕНЬ ФИЗИЧЕСКОЙ ЕДИНИЦЫ | |
| Встроенное поле | 001RU\NLR\KADK\51463 |
| Системный номер (АБИС) связанной записи | 13488073 |
| Физическая характеристика | 184, [2] с. |
| Заглавие | Paulini à S. Iosepho Lucensis Orationum. - T. 2 |
| 517 1# - ДРУГИЕ ВАРИАНТЫ ЗАГЛАВИЯ | |
| Вариант заглавия | Orationum |
| 620 ## - МЕСТО И ДАТА ПУБЛИКАЦИИ, ИСПОЛНЕНИЯ И Т. Д. | |
| Город | Moskva |
| 700 #1 - ИМЯ ЛИЦА - ПЕРВИЧНАЯ ОТВЕТСТВЕННОСТЬ | |
| Начальный элемент ввода | Chelucci |
| Часть имени, кроме начального элемента ввода | D. |
| Даты | 1681-1754 |
| Расширение инициалов личного имени | Domenico |
| Код отношения | Автор |
| 702 #1 - ИМЯ ЛИЦА - ВТОРИЧНАЯ ОТВЕТСТВЕННОСТЬ | |
| Связь между полями | z01790 |
| Начальный элемент ввода | Novikov |
| Часть имени, кроме начального элемента ввода | N.I. |
| Даты | 1744-1818 |
| Расширение инициалов личного имени | Nikolaj Ivanovič |
| Код отношения | Печатник (типограф) |
| 712 01 - НАИМЕНОВАНИЕ ОРГАНИЗАЦИИ - ВТОРИЧНАЯ ОТВЕТСТВЕННОСТЬ | |
| Код отношения | Печатник (типограф) |
| Материалы, к которым относится поле | lat |
| Начальный элемент ввода | Mosqua |
| Структурное подразделение | Universitas |
| -- | Typographia |
| Графика поля | Латинская |
| Идентификатор авторитетной/нормативной записи | RU\NLR\AUTH\889930224 |
| Системный номер авторитетной/нормативной записи | 356034 |
| 790 #1 - ИМЯ ЛИЦА - АЛЬТЕРНАТИВНАЯ ФОРМА | |
| Связь между полями | z01702 |
| Начальный элемент ввода | Nowicow |
| Расширение инициалов личного имени | Nicolaus |
| Код отношения | Печатник (типограф) |
| 801 #0 - ИСТОЧНИК ЗАПИСИ | |
| Страна | российская федерация |
| Организация | NLR |
| Дата составления | 19990421 |
| 852 ## - МЕСТОНАХОЖДЕНИЕ И ШИФР ХРАНЕНИЯ | |
| Идентификатор организации | NLR |
| Наименование фонда или коллекции (Sub-Location Identifier) | Б-ка 1-го Кадет. Корп. |
| Шифр хранения (Call Number) | Рэ ШК / C-516 O1 |
| 942 ## - ДОПОЛНИТЕЛЬНЫЕ ЭЛЕМЕНТЫ ЗАПИСИ (АБИС) | |
| Тип экземпляра АБИС | Книга |
| 980 ## - КОЛЛЕКЦИЯ | |
| Название коллекции | Национальная библиография |
| 980 ## - КОЛЛЕКЦИЯ | |
| Название коллекции | Библиотека 1-го Кадетского корпуса |
Нет доступных экземпляров.